000 00344 a2200157 4500
001 56717
020 _a9788535708783
040 _cAnchieta - Pituba
100 _aAbramovich, Fanny
240 1 0 _aEspelho, espelho meu
_lpor
245 1 0 _aEspelho, espelho meu
300 _a64
362 0 _a2009
650 4 _aLiteratura juvenil
942 _cBK
999 _c56717
_d56717